[Event "Interpolis-03"]
[Site "Tilburg"]
[Date "1979.11.13"]
[Round "9"]
[White "Portisch, Lajos"]
[Black "Larsen, Bent"]
[Result "1-0"]
[WhiteElo "2640"]
[BlackElo "2620"]
[Annotator "Ftacnik,L"]
[PlyCount "119"]
[EventDate "1979.11.01"]
[EventType "tourn"]
[EventRounds "11"]
[EventCountry "NED"]
[EventCategory "15"]
[SourceTitle "MCL"]
[Source "ChessBase"]
[SourceDate "1999.07.01"]
[SourceVersion "1"]
[SourceVersionDate "1999.07.01"]
[SourceQuality "1"]

1. Nf3 Nf6 2. c4 d6 3. d4 Bg4 4. Qb3 Qc8 (4... Nbd7 $6 5. Qxb7 c5 {Ftacnik,
L-Mrva,M/CSFR/1992/} 6. e3 $1 Rb8 7. Qc6 Rb6 8. Qa4 Bxf3 9. gxf3 cxd4 10. exd4
d5 11. c5 Re6+ 12. Be3 $16) (4... Bxf3 5. Qxf3 (5. exf3 $5 Qc8 6. Be3 e6 $5 7.
Nc3 Be7 8. Be2 O-O 9. O-O c6 10. d5 exd5 11. cxd5 Nbd7 (11... c5 12. g4 $36 {
->>>}) 12. Rac1 Qb8 13. f4 $1 Nb6 14. Bxb6 axb6 15. Bf3 $36 {Gurevich,
M-Marangunic,S/Zagreb/1987/}) 5... Nc6 6. e3 g6 (6... e5 7. d5 e4 8. Qd1 Ne5 9.
Nc3 Qd7 10. Be2 g5 $6 11. Qc2 Bh6 12. Nxe4 Nxe4 13. Qxe4 f5 14. Qc2 O-O 15. Bd2
f4 16. exf4 gxf4 17. O-O-O $16 {Ftacnik,L-Balinas,R/USA-op Los Angeles/1991/})
7. Nc3 Bg7 8. Be2 O-O 9. O-O Nd7 10. Rb1 e5 11. d5 Ne7 12. b4 a5 13. a3 axb4
14. axb4 f5 15. e4 fxe4 16. Qxe4 Nf5 17. Qd3 Qh4 18. g3 Qe7 19. Ne4 Nd4 20. Bg4
$14 {Monin-Tseitlin,Ma/ch-Leningrad/1979/}) (4... Nc6 5. d5 Bxf3 6. gxf3 Nd4 7.
Qd1 c5 8. Bh3 $1 e6 9. Bg5 Be7 10. e3 Nf5 11. Qd3 h6 12. Bf4 Qd7 13. Nc3 O-O-O
14. O-O-O g5 15. Bg3 $16 {Engqvist,T-Paronen,P/Gausdal Peer-Gynt/1990/}) 5. h3
(5. Nc3 g6 6. Bg5 Bg7 7. Nd2 O-O 8. f3 Bd7 9. e3 Re8 10. Be2 e5 11. d5 a5 12.
O-O Na6 13. e4 Nc5 14. Qc2 c6 15. Rac1 Nh5 16. g3 f5 $132 {Hoffman,A-Iskov,G/
Lyngby op/1988/}) (5. Bg5 Nbd7 6. Nbd2 h6 7. Be3 c6 8. h3 Bf5 9. g4 Bh7 10. Bf4
e6 11. e3 Ne4 $10 {Muse,D-Lorenz,S/BL 9192/1991/}) (5. Nbd2 Nbd7 6. g3 c6 7.
Bg2 g6 8. h3 Bxf3 9. Nxf3 Bg7 10. O-O O-O 11. Be3 a5 12. Rac1 a4 13. Qc2 c5 14.
Rfd1 b6 15. Nd2 Ra7 16. Nb1 Nb8 17. Na3 Nc6 $132 {Shamkovich,L-Gruenfeld,Y/
World Open/1989/}) (5. g3 Nc6 (5... g6 $5 6. Bg2 c6 7. Nc3 Bg7 8. h3 Bxf3 9.
Bxf3 O-O 10. e4 e5 11. d5 Na6 12. Qd1 cxd5 13. cxd5 Nc5 14. h4 b5 15. Qe2 b4
16. Nd1 Qd7 17. h5 Qa4 $1 $36 {Zamansky,L-Jonker,M/Groningen op/1990/}) 6. Nbd2
(6. d5 $5 Bxf3 7. exf3 Nd4 8. Qd1 $14) 6... e5 7. d5 Nd8 (7... Nb8 $142 $132) (
7... Nb8 $142 $132) 8. Bg2 Be7 9. e4 O-O 10. O-O a5 11. Qe3 b6 12. Ne1 Qa6 13.
Nd3 c6 14. b3 Bd7 15. Ba3 Ng4 16. Qe2 cxd5 17. cxd5 Re8 18. Rfc1 Nb7 19. Bf1
$36 {Bogdanovski,V-Topalov,V/Star Dojran/1991/}) 5... Bxf3 (5... Bf5 6. Nc3
Nbd7 7. g4 Bg6 8. Bf4 c6 9. Bg2 h6 10. a4 Bh7 11. Bg3 g5 12. a5 Bg7 13. Nd2 O-O
14. f4 gxf4 15. Bxf4 e5 16. dxe5 Nxe5 17. Bxe5 dxe5 18. Nde4 $36 {
Alekhine-Reti/Margate/1923/} Nxe4 19. Nxe4 Qd8 20. O-O Bxe4 21. Rad1 Qxa5 22.
Bxe4 $40) (5... Bh5 6. Bg5 Nbd7 7. Nbd2 Bg6 8. g3 c6 9. Bg2 Qc7 10. O-O e5 11.
Rac1 Ne4 12. Be3 Be7 13. Rfd1 Nxd2 14. Rxd2 a5 15. dxe5 dxe5 16. Rcd1 Bf5 17.
g4 Be6 18. Ng5 $36 {Yanvarjov,I-Ubilava,E/Budapest Spring-op/1989/}) 6. Qxf3 g6
(6... e5 7. d5 Be7 8. e4 Nbd7 9. Nc3 a5 10. Be3 O-O 11. g4 Nc5 12. O-O-O c6 13.
Bxc5 dxc5 14. d6 Bd8 15. g5 Nd7 16. h4 b6 17. Bh3 $16 {Horvath,G-Abel,L/
SWZ-chI op/1992/}) (6... Nc6 7. d5 Ne5 8. Qb3 g6 9. Nc3 Bg7 10. e4 O-O 11. Be2
c5 12. O-O a6 13. Qc2 e6 14. Bg5 exd5 15. exd5 $14 {Pedersen,E-Keene,R/Aarhus/
1983/}) 7. Nc3 (7. g3 Bg7 8. Bg2 c6 9. O-O O-O 10. Nc3 Nbd7 11. Rb1 e5 12. e3
Re8 13. Bd2 Nb6 14. b3 {Groszpeter,A-Schmidt,P/Kecskemet GMT/1992/} e4 $5 15.
Qe2 d5 $13) 7... Bg7 8. g3 Nc6 9. e3 O-O 10. Bg2 Re8 (10... e5 11. d5 $14) 11.
Qd1 $1 (11. O-O e5 12. d5 (12. dxe5 dxe5 $10 {/\e4}) 12... e4 $1 13. Qe2 Ne5
$13) 11... e6 (11... e5 12. d5 $16 {/\e4()}) 12. O-O d5 13. b3 $5 (13. cxd5
exd5 14. Nxd5 Nxd5 15. Bxd5 Qxh3 16. Bg2 (16. Bxc6 bxc6 $132 {/\h5,׻}) 16...
Qd7 $13) 13... Qd7 14. Bb2 Rad8 15. Na4 Ne7 16. Nc5 Qc8 17. Qc2 $14 {[+],^^}
Nf5 18. Rac1 c6 19. Nd3 Qb8 20. Rfe1 Nd7 21. h4 h5 (21... dxc4 $142 $5 22. bxc4
e5) 22. Rcd1 $16 a6 23. a4 Rc8 24. Qe2 Nh6 25. Bh3 Rcd8 26. Rc1 Nf6 27. Ne5 Ne4
(27... Nd7 28. f4 $16) 28. c5 $1 a5 $1 29. Qc2 Qc7 30. Bg2 Nf6 31. Bc3 Ra8 32.
Rb1 Nfg4 33. Nxg4 Nxg4 34. b4 axb4 35. Rxb4 e5 36. Reb1 Ra7 37. Bh3 exd4 $5 38.
exd4 Nf6 39. Bd2 $1 {><b7} Ne4 40. Bf4 Qd8 41. Bg2 Qa8 42. Bf1 $1 Re7 43. Re1
Qd8 44. Kg2 Nf6 45. Rxe7 Qxe7 46. Bd3 Qe8 47. Qb1 Qc8 48. Qe1 Qd8 $2 (48... Qe8
$142 49. Qxe8+ Nxe8 50. Bc2) 49. Bg5 Qd7 (49... Qe8 $6 50. Qxe8+ Nxe8 51. Bd8
$1) 50. Qe5 {/\Lf6, Db8} Qd8 $8 51. Rb3 Kh7 (51... Rxa4 52. Rxb7 Ra8 53. Bxg6
$1 fxg6 54. Qe6+ Kh8 55. Qf7 $18) 52. Bc2 Qh8 53. Rf3 Ng4 54. Qc7 f5 55. Rxf5
$1 Rxa4 56. Bf4 {/\Th5} (56. Qf7 Ra2 57. Qxg6+ Kxg6 58. Rf6#) 56... gxf5 57.
Bxf5+ Kg8 58. Qc8+ Bf8 59. Qe6+ Kg7 60. Qg6# 1-0

[Event "Copenhagen Open-02 (Politiken Cup-01)"]
[Site "Copenhagen"]
[Date "1980.07.02"]
[Round "9"]
[White "Fedder, Steen"]
[Black "Mestel, A Jonathan"]
[Result "1-0"]
[WhiteElo "2410"]
[BlackElo "2450"]
[Annotator "Ftacnik,L"]
[PlyCount "109"]
[EventDate "1980.06.23"]
[EventType "swiss"]
[EventRounds "10"]
[EventCountry "DEN"]
[SourceTitle "EXT 2000"]
[Source "ChessBase"]
[SourceDate "1999.11.16"]
[SourceVersion "1"]
[SourceVersionDate "1999.11.16"]
[SourceQuality "1"]

1. d4 Nf6 2. c4 d6 3. Nc3 Bf5 $5 (3... e5 4. Nf3 Nbd7 5. Bg5) 4. f3 e5 5. e4
exd4 6. Qxd4 Nc6 7. Qd2 Bg6 (7... Be6 8. b3) 8. Nh3 Be7 9. Be2 Nd7 10. Nd5 Bf6
(10... f5 11. Nhf4 Bg5 12. Qc3 Bxf4 13. Nxf4) 11. Nhf4 $5 (11. Nxf6+ Qxf6 {
/\ 0-0-0}) 11... Bd4 12. h4 h6 13. Nxg6 fxg6 14. Qf4 Nce5 15. Qg3 c6 16. Nc3
O-O 17. f4 $1 (17. Bd2 Nc5 $5) 17... Qb6 18. Qh3 (18. Rf1 Bxc3+ 19. Qxc3 (19.
bxc3 Nf7 20. Qxg6 Rae8 21. Bd3 Nc5 $17) 19... Nf7 20. Be3 Qd8 $13) 18... Rad8
19. fxe5 Bxc3+ 20. bxc3 Qf2+ 21. Kd1 dxe5 22. Qe3 (22. Rf1 Nc5+ 23. Bd2 Rxd2+
$1 $19) 22... Nc5+ 23. Kc2 Rd3 $1 24. Qxf2 Rxf2 25. Re1 Rg3 26. Ba3 Nxe4 27.
Kb3 Rxc3+ (27... Nxc3 28. Bf3 e4 29. Bd6 $1) 28. Kb4 $2 (28. Ka4 b5+ 29. cxb5
Rf4 30. Bb4 $2 (30. bxc6 $1) 30... Nc5+ 31. Ka5 Ra3+ 32. Bxa3 Ra4#) 28... Rxg2
$2 (28... a5+ 29. Ka4 b6 $1 30. Bf1 (30. Bd3 Rxd3 31. Rxe4 b5+ $17) (30. Be7
Kf7 31. Bf1 Rxf1 $17) 30... Rxf1 $1 31. Rxf1 Rxc4+ 32. Kb3 Nd2+ 33. Kb2 Nxf1
34. Rxf1 Rxh4 $17) 29. Bf1 $1 a5+ 30. Kxa5 $2 (30. Ka4 Rgg3 31. Be7 (31. Bb2 $4
)) 30... Rxa3+ 31. Kb4 Rgg3 $2 $138 (31... Rgxa2 32. Rxa2 Rxa2 33. Rxe4 b5 34.
Re1 Kf8 $13) 32. Rxe4 Raf3 33. c5 Rf4 34. Bc4+ Kh7 35. Rxe5 Rxh4 36. Rc1 Rg2
37. Ka5 Rgg4 38. Kb4 Rg2 39. Ka3 Rg3+ 40. Bb3 Rgg4 41. Re7 Rb4 42. Rf1 Rb5 43.
Re5 $1 (43. Rff7) 43... h5 $2 (43... Rg4 44. Rf8 Ra5+ 45. Kb2 h5 46. Bg8+ Kh6
47. Be6 Rg2+) 44. Rg5 Kh6 45. Rfg1 Ra5+ 46. Kb2 Rg4 47. R5xg4 hxg4 48. Rxg4
Rxc5 49. a4 $1 Re5 (49... Ra5 50. Kc3 b5 51. Kb4) 50. Bc2 g5 51. Re4 Rxe4 (
51... Rd5 52. Re6+ Kh5 53. Re7 g4 54. Rxg7 $1 $18) 52. Bxe4 g4 53. Kc3 Kg5 54.
a5 Kf4 55. Kd3 {/\ Bc6} (55. Kd3 g3 56. Bxc6 bxc6 57. Ke2 Kg4 58. Kf1 Kh3 59.
Kg1) 1-0

[Event "Interzonal-14a"]
[Site "Subotica"]
[Date "1987.??.??"]
[Round "4"]
[White "Alburt, Lev O"]
[Black "Zapata, Alonso"]
[Result "1-0"]
[WhiteElo "2575"]
[BlackElo "2505"]
[Annotator "Ftacnik,L"]
[PlyCount "69"]
[EventDate "1987.06.??"]
[EventType "tourn"]
[EventRounds "17"]
[EventCountry "YUG"]
[EventCategory "11"]
[SourceTitle "CBM 003"]
[Source "ChessBase"]
[SourceDate "1988.04.01"]
[SourceVersion "1"]
[SourceVersionDate "1988.04.01"]
[SourceQuality "1"]

1. d4 Nf6 2. c4 d6 3. Nc3 Nbd7 4. e4 e5 5. d5 Nc5 6. f3 a5 7. Be3 Be7 8. Qd2 h6
9. g3 Nh7 10. O-O-O $5 (10. Nge2 $14) 10... O-O 11. h4 f5 12. Bh3 b6 13. exf5
Bxf5 14. Bxf5 Rxf5 15. Qc2 Qd7 16. g4 Rf7 17. Rd2 h5 18. gxh5 Qf5 19. h6 gxh6
20. Bxh6 Kh8 21. Be3 Rg8 22. Bxc5 bxc5 23. Ne4 Qf4 (23... Rg6 $5 $132 {Zapata})
24. Kb1 Qe3 25. Qd1 Bxh4 26. Ne2 $1 $40 {<->h} Qh6 27. N2g3 Ng5 28. Nxg5 Qxg5
29. Ne4 Qe7 30. Rdh2 Rh7 31. Qd2 $16 Rf8 $2 32. Ng5 Kg8 33. Rxh4 Rxh4 34. Rxh4
Rf5 35. Rg4 1-0

[Event "YUG-chT"]
[Site "Tivat"]
[Date "1995.??.??"]
[Round "2"]
[White "Mozetic, Dejan"]
[Black "Kovacevic, Predrag"]
[Result "1-0"]
[WhiteElo "2505"]
[BlackElo "2405"]
[Annotator "Gagarin,V"]
[PlyCount "53"]
[EventDate "1995.??.??"]
[EventType "team-swiss"]
[EventRounds "11"]
[EventCountry "YUG"]
[SourceTitle "CBM 048 Extra"]
[Source "ChessBase"]
[SourceDate "1995.11.01"]
[SourceVersion "1"]
[SourceVersionDate "1995.11.01"]
[SourceQuality "1"]

1. d4 Nf6 2. c4 d6 3. Nc3 Bf5 4. g3 e5 5. Bg2 exd4 $2 (5... Qc8 $14) (5... Nc6
$14) (5... c6 $14) 6. Bxb7 $1 $146 (6. Nb5 c6 7. Nxd4 Be4 $1 8. f3 Bg6 9. e4
Nbd7 10. Nge2 d5 11. cxd5 cxd5 12. exd5 Bc5 13. Qb3 O-O 14. Be3 Re8 $36 {
Peicheva_Juergens,V-Ksieski,Z/Copenhagen/1990/0:1/21/}) (6. Qxd4 Nc6 7. Qd2 (7.
Qd1 g6 8. e4 Be6 9. b3 Bg7 10. Bb2 O-O 11. Nge2 Qc8 12. O-O Bh3 13. Qc2 $14 {
Lin,W-Wolff,P/Adelaide/1988/0:1/38/}) 7... g6 8. e4 (8. Nh3 Bg7 9. Nf4 O-O 10.
O-O Re8 11. f3 Ne5 12. b3 g5 $5 13. Nfd5 Nxd5 14. cxd5 g4 $13 {Gurevich,
D-Shirazi,K/New York/1987/0,5/53/}) 8... Be6 9. b3 Bg7 10. Bb2 O-O 11. Nge2 a6
12. O-O Re8 13. Rfd1 $14 {Khasin,Ab-Gurgenidze,B/Kislovodsk/1968/1:0/31/}) 6...
dxc3 7. Bxa8 c6 (7... cxb2 8. Bxb2 $16) (7... c2 8. Qd4 $16) 8. bxc3 $16 Nfd7 (
8... Be4 $5 9. f3 Nbd7 $1 10. Bb7 Nc5 11. fxe4 Nxb7 $16) 9. Qa4 Qc7 10. Be3 Nc5
(10... Nb6 11. Bxb6 axb6 12. Nf3 Be4 13. O-O Be7 14. Nd2 Bf5 15. e4 $18) 11.
Bxc5 dxc5 12. f3 $1 (12. Nf3 Be7 13. O-O O-O 14. Rfd1 Bf6 $16) 12... h5 13. e4
Bc8 14. Ne2 Rh6 15. Rb1 Nd7 16. Bb7 $1 $18 Ne5 17. Bxc8 Nxf3+ 18. Kf2 Rf6 19.
Nf4 Qxc8 20. Kxf3 (20. Nxh5 Nd2+ 21. Nxf6+ gxf6 22. Rbe1 $18) 20... g5 (20...
Bd6 {/\ Rf4/} 21. e5 $1 Bxe5 22. Rhe1 Rxf4+ 23. gxf4 (23. Kg2 $18) 23... Qg4+
24. Ke3 Qxf4+ 25. Kd3 $18) 21. e5 gxf4 (21... Rxf4+ 22. gxf4 Qg4+ 23. Ke3 Qxf4+
24. Kd3 Qf5+ 25. Kd2 $18) 22. Rhe1 Rg6 (22... Rf5 23. Qxa7 fxg3+ 24. Kg2 Rf2+
25. Kg1 $18) 23. Qxa7 Qg4+ 24. Kg2 Be7 25. Rb8+ Bd8 26. Qc7 Qg5 27. Rd1 1-0

[Event "Alushta"]
[Site "Alushta"]
[Date "1993.??.??"]
[Round "?"]
[White "Morozevich, Alexander"]
[Black "Savchenko, Stanislav"]
[Result "1-0"]
[WhiteElo "2440"]
[BlackElo "2535"]
[Annotator "Glatman,V"]
[PlyCount "79"]
[EventDate "1993.??.??"]
[EventType "tourn"]
[EventRounds "9"]
[EventCountry "UKR"]
[EventCategory "10"]
[SourceTitle "CBM 036"]
[Source "ChessBase"]
[SourceDate "1993.10.01"]
[SourceVersion "1"]
[SourceVersionDate "1993.10.01"]
[SourceQuality "1"]

1. e4 c6 2. c4 e5 3. Nf3 (3. d4 Bb4+ 4. Bd2 Bxd2+ 5. Qxd2 d6 6. Nc3 Qf6 $1 7.
Nge2 Ne7 8. O-O-O O-O 9. f4 Bg4 $10 {Sax,G-Miles,A Lugano 1989 Inf 47/176/})
3... d6 (3... Qa5 4. Be2 (4. Nc3 Nf6 5. Be2 Bb4 6. O-O O-O 7. d3 d5 8. exd5
cxd5 9. Nxe5 Bxc3 10. bxc3 Qxc3 11. Bf4 Nc6 $10 {Korchnoi,V-Gurevich,M
Barselona 1992 Inf 54/126/}) 4... Nf6 5. O-O $5 Nxe4 6. Re1 d6 7. d4 Nf6 8. Bd2
Qc7 9. dxe5 dxe5 10. Nxe5 Be7 11. Bf4 $14 {Lautier,J-Kuczynski,R Polanica
Zdroj 1991/}) 4. d4 Bg4 5. Be2 (5. dxe5 Bxf3 6. gxf3 dxe5 7. Qxd8+ Kxd8 8. f4
f6 $1 9. Bh3 Kc7 10. Nc3 Na6 11. Be3 Rd8 12. Ke2 Bc5 13. Rhg1 g6 $10 {Seirawan,
Y-Nikolic,P Tilburg 1990 Inf 50/147/}) 5... Nd7 6. O-O Ngf6 7. Nc3 Be7 8. Be3
O-O 9. d5 $14 c5 (9... cxd5 $6 10. cxd5 Bxf3 11. Bxf3 a5 12. Be2 Nc5 13. f3 $16
) 10. Ne1 Bxe2 11. Qxe2 Ne8 12. g3 $1 (12. Nd3 g6 13. Rab1 f5 14. f3 Bg5 15.
Bf2 Nef6 16. b4 b6 $10) 12... g6 13. Bh6 Ng7 14. Ng2 Bg5 $6 (14... f5 15. exf5
gxf5 (15... Rxf5 16. Ne4 $16) 16. f4 e4 17. Ne3 $16) 15. Bxg5 Qxg5 16. f4 $16
exf4 (16... Qe7 17. f5 f6 18. h4 $16) 17. gxf4 Qe7 18. Rae1 Rae8 19. Rf3 $1 a6
(19... f5 $6 20. Re3 fxe4 21. Nxe4 $16) 20. Re3 f6 21. Qc2 Qd8 22. Qe2 Rf7 23.
a3 Rfe7 24. f5 $5 gxf5 $4 (24... g5 $5 25. h4 h6 26. hxg5 hxg5 27. Rh3 Kf7 $16)
25. Nf4 Kh8 26. Kh1 Ne5 (26... fxe4 27. Rh3 Ne5 28. Nxe4 $16) 27. Rh3 Qd7 28.
Qf2 $1 fxe4 29. Qh4 Qf5 $8 30. Qh6 $1 Kg8 31. Rg1 $18 Nd3 32. Nxd3 exd3 33.
Rhg3 Kh8 34. Rxg7 d2 35. R7g3 d1=Q 36. Nxd1 Qe4+ 37. R3g2 Rf7 38. Nc3 Qf3 39.
Qh4 Rg7 40. Qf2 1-0

[Event "RUS-Cup03 Geller Memorial"]
[Site "Moscow"]
[Date "1999.02.08"]
[Round "7"]
[White "Eljanov, Pavel"]
[Black "Prokopchuk, Evgeny"]
[Result "1/2-1/2"]
[WhiteElo "2418"]
[BlackElo "2489"]
[Annotator "Hansen,Cu"]
[PlyCount "85"]
[EventDate "1999.02.10"]
[EventType "swiss"]
[EventRounds "9"]
[EventCountry "RUS"]
[SourceTitle "CBM 070"]
[Source "ChessBase"]
[SourceDate "1999.06.08"]
[SourceVersion "1"]
[SourceVersionDate "1999.06.08"]
[SourceQuality "1"]

1. d4 Nf6 2. c4 d6 3. Nc3 e5 {I have seen theoretical books where this move is
given a ? because of the gamecontinuation. The question is whether blacks
disadvantage gets bigger than it is in the starting-position. I am not sure
that it is. There are also theoretical books that does not deal with the
problem. NCO - Nunn Chess openings - considers 4.e4 Nbd7 to be best and does
not mention whites next move at all!} 4. dxe5 dxe5 5. Qxd8+ Kxd8 6. Nf3 Nbd7 {
[%cal Yc7c6,Yd8c7]} (6... Nfd7 7. Bd2 c6 {[%csl Gd5][%cal Yd8c7]} 8. g4 $1 $14
{ECO}) 7. Rg1 {This slightly odd move has been recommended in this position
since the 50s and maybe this is how it eventually found its way to the
ultramodern Sicilian lines - 1.e4 c5 2.Nf3 d6 3.d4 cxd4 4.Nxd4 Nf6 5.Nc3 a6 6.
Rg1!? - or without preparation as in the above line with 6. - Sfd7: 1.c4 Sf6 2.
Sf3 e6 3.Sc3 Lb4 4.g4!? Of course without Qs on the board the risk is not so
great, and I would have found it unthinkable that 6.Rg1 was first played in
the Najdorf and then in the Old Indian without queens.} b6 $5 {A new idea} (
7... c6 8. g4 $14 {[%cal Yg4g5]}) 8. g4 (8. Bg5 Bb4 $8 $11) (8. Ng5 Ke7 9. Nb5
Ne8 $11) (8. Bd2 Bb7 9. O-O-O Bc5 $11) 8... Bb7 9. g5 (9. Bg2 $5 {would
probably have been somewhat unpleasant for black. The double threats of Nxe5
and sometimes Ng5 would not have been so easy to meet:} Bb4 (9... Kc8 10. Ng5 (
10. g5 $5 Ne4 11. Nxe4 Bxe4 12. Nxe5 $14)) (9... c6 10. g5 $14) 10. Bd2 Kc8 11.
g5 {and black would still have to prove whether he can equalise or white has
an advantage}) 9... Ne4 10. Nxe4 Bxe4 11. Be3 Bxf3 12. exf3 Bc5 $11 13. Bxc5
Nxc5 14. O-O-O+ Ke7 15. Rd5 f6 16. f4 (16. gxf6+ Kxf6 $11) 16... c6 17. Rd1 {
[%cal Rg5f6]} f5 $1 (17... exf4 18. gxf6+ Kxf6 19. Rd6+ Ke7 20. Rxc6 Kd7 21.
Bg2 Nd3+ 22. Kb1 $14) 18. fxe5 Rhd8 $44 {Now white is a pawn up. But because
he cannot play f2-f4 the e5-P cannot get the nessary support and black manages
to get just enough positional compensation} 19. Be2 Ne6 {[%csl Re5,Ge6][%cal
Ye6f4]} 20. Bf3 Rd4 $1 {[%cal Yd4h4,Yd4c4]} 21. Rxd4 Nxd4 22. Bd1 Rd8 23. Rg3 (
23. f4 Ne6 24. Rf1 Rd4 $17) 23... Ne6 {[%csl Ge6]} 24. Ra3 Rd7 {[%cal Re6g5]}
25. Bc2 g6 26. h4 Nf4 {[%cal Re7e6,Re6e5]} 27. c5 bxc5 28. Ra5 Ne2+ 29. Kb1 c4
30. Ra4 c3 31. Rc4 cxb2 32. Rxc6 Nd4 33. Rc4 Nxc2 34. Rxc2 {[%cal Yf2f4]} f4 $1
35. Rxb2 Ke6 36. Re2 Re7 37. Kc2 Kf5 38. Kc3 Rxe5 39. Rxe5+ Kxe5 40. f3 Kd5 41.
Kd3 a6 42. a3 a5 43. a4 1/2-1/2

[Event "Gausdal Eikrem Memorial"]
[Site "Gausdal"]
[Date "1996.??.??"]
[Round "7"]
[White "Har Zvi, Ronen"]
[Black "Westerinen, Heikki MJ"]
[Result "1-0"]
[WhiteElo "2495"]
[BlackElo "2430"]
[Annotator "Har Zvi,R"]
[PlyCount "71"]
[EventDate "1996.08.??"]
[EventType "swiss"]
[EventRounds "9"]
[EventCountry "NOR"]
[SourceTitle "CBM 054 Extra"]
[Source "ChessBase"]
[SourceDate "1996.11.01"]
[SourceVersion "1"]
[SourceVersionDate "1996.11.01"]
[SourceQuality "1"]

1. Nf3 Nf6 2. d4 d6 3. c4 Bg4 4. Nc3 c6 (4... Bxf3) 5. e4 Nbd7 6. Be2 e5 7. O-O
Be7 8. Be3 O-O 9. d5 Ne8 $5 {a very interesting move,black's plan is very
simple to exchange on f3 then play Bg5 when he has no problems at all} 10. Qa4
$5 (10. Qd2 h6 $1 {with Bxf3 followed by Bg5}) 10... Nb6 (10... Qc7) 11. Qb3
Bxf3 12. Bxf3 Bg5 13. Bxg5 Qxg5 14. a4 $1 {white has a slight advantgae thanks
to his big space advantage on the queen's side} Rb8 15. a5 Nd7 16. Qc2 (16. Qa3
$5) 16... Nc7 (16... c5 17. a6 $5 $14) 17. b4 Na6 18. Qa4 $1 {now white
already has something,since there is an unpleasent pin along the a4-e8
diagonal,plus the pawns on the queen's side may advance one day} Rfc8 19. Rfd1
(19. Be2 $5) 19... Nf8 (19... Qe7 20. Bg4) 20. Be2 cxd5 $4 {a terrible
position move,after which I think white is about winning} (20... c5 21. b5 Nb4
22. a6 $1 b6 23. Rab1 $1) 21. exd5 $1 {much better than taking with the knight,
after a recapture with the knight black playes Ne6 and he has a very nice
square for his knight on d4,now white is threatening both Ne4 and Nb5} f5 {
after this move black is already losing the only move was 21...Qe7 but white's
advantage is very big} 22. Nb5 Ng6 23. Bf1 $1 (23. Nxd6 Nf4 {and black is
winning!} 24. Bf1 (24. Bf3 e4) 24... Nh3+ 25. Kh1 Nxf2+ 26. Kg1 Qe3 $1 $19)
23... Nh4 (23... Nf4 24. g3) 24. Nxd6 Nf3+ 25. Kh1 Qh6 (25... Nxh2 26. Kxh2 (
26. Nxc8 $4 Qh5 {and white is losing!!} (26... Qh6 $4 27. Qe8# {mate}) 27. g3 (
27. Kg1 Ng4) (27. Ra3 Nf3#) 27... Ng4+ 28. Kg2 Qh2+ 29. Kf3 Qxf2#) 26... Qh6+
27. Kg1 Qxd6 28. c5 $18) 26. gxf3 Qxd6 27. c5 {this was a good moment to resign
} Qh6 28. d6 Qf4 29. Qb3+ Kh8 30. d7 Rd8 31. Bxa6 bxa6 32. c6 e4 33. Rac1 Qc7
34. Qd5 $1 Rxb4 35. Qd6 Qxa5 36. c7 1-0

[Event "EU-chT (Men) 11th"]
[Site "Pula"]
[Date "1997.05.??"]
[Round "3.3"]
[White "Arlandi, Ennio"]
[Black "Jansa, Vlastimil"]
[Result "1-0"]
[WhiteElo "2470"]
[BlackElo "2490"]
[Annotator "Hecht,H"]
[PlyCount "83"]
[EventDate "1997.05.05"]
[EventType "team-swiss"]
[EventRounds "9"]
[EventCountry "CRO"]
[SourceTitle "CBM 057 Extra"]
[Source "ChessBase"]
[SourceDate "1997.05.01"]
[SourceVersion "1"]
[SourceVersionDate "1997.05.01"]
[SourceQuality "1"]
[WhiteTeam "Italy"]
[BlackTeam "Czech Republic"]
[WhiteTeamCountry "ITA"]
[BlackTeamCountry "CZE"]

1. d4 d6 2. Nf3 Bg4 3. c4 Nd7 4. e4 e5 5. Be2 Be7 6. Nc3 Ngf6 7. O-O O-O 8. Be3
c6 9. Qc2 Qb8 10. a3 Rc8 11. h3 Bxf3 12. Bxf3 a5 13. Rfd1 h6 14. Rac1 b5 15.
cxb5 cxb5 16. Qb3 b4 17. Nd5 Nxd5 18. exd5 Rxc1 19. Rxc1 exd4 20. Bxd4 Bf6 21.
Bxf6 Nxf6 22. axb4 axb4 23. Rc4 Qe8 24. Qxb4 Ra1+ 25. Kh2 Qe5+ 26. g3 Qf5 27.
Qc3 g5 28. g4 Qb1 29. Bg2 Kg7 30. Rc6 Qg1+ 31. Kg3 Ra4 32. Rxd6 Rf4 33. f3 Kg6
34. Rc6 Qd1 35. Qc2+ Qxc2 36. Rxc2 {[#] Endspieltaktik: Fesselung} Nxd5 37. Bf1
Rd4 (37... Kf6 $5) 38. Rc6+ f6 39. Rd6 {drohend b3 nebst Lc4 z.B:} Kf7 (39...
Rd1 40. Bc4 Ne3 41. Rxd1 Nxd1 42. b4 Nc3 43. b5 Na4 44. Bb3 Nb6 45. Kf2 $18 {
[%cal Rf2c5]}) 40. Rxd5 Rxd5 41. Bc4 Ke6 42. Kf2 1-0